Les sports les plus pratiqués en France - Statistiques

Statistiques générales
  • Ce quiz a été pris 650 fois
  • Le résultat moyen est 7 sur 10
Statistiques - réponses
licenciés sport % Correct
2,18 millions Football
100%
678 482 Basketball
89%
1,00 million Tennis
89%
456 086 Handball
81%
303 048 Rugby
78%
400 000 Natation
75%
692 400 Equitation
65%
502 002 Judo
54%
441 961 Golf
50%
316 366 Kayak
7%
Aucun quiz correspondant
Distribution des résultats
% des personnes avec chaque résultat
Percentile par nombre de réponses
Votre historique - résultats
Vous n’avez pas pris ce quiz